| 000 | 00708nam a2200205 i 4500 | ||
|---|---|---|---|
| 001 | 59507 | ||
| 003 | ES-MaACL | ||
| 005 | 20230906164038.0 | ||
| 007 | t| | ||
| 008 | 031029s1947 sp ||||1| spa d | ||
| 100 | 1 |
_aEizaguirre, Jaime. _946878 |
|
| 245 | 1 | 0 |
_aHispanoamérica del dolor _b: [el espíritu de la revolución americana] / _cJaime Eyzaguirre ; ilustraciones de María Droc. |
| 260 |
_aMadrid : _bInstituto de Estudios Políticos, _c1947 ( _fS. Aguirre) |
||
| 300 |
_a125 p., 4 lám. ; _c21 cm. |
||
| 490 | 1 | _aColección Hispanoamericana | |
| 700 | 1 |
_aDroc, María. _945651 |
|
| 830 | 0 |
_aColección Hispanoamericana _9182680 |
|
| 852 |
_aES-MaACL _jC-4807 _bR.25105 |
||
| 999 |
_c59507 _d59507 |
||